000 00375nam a22001577a 4500
003 MACL
005 20250511175557.0
008 250511b |||||||| |||| 00| 0 eng d
040 _cMACL
082 _a741.642
100 _akAHTA
_983190
245 _aHanuman's Adventure in Nether World
260 _aDelhi
_bKatha
_c2005
651 _aChildre book
_983191
942 _2ddc
_cBK
999 _c67972
_d67972